| 000 | 00799nam a2200265 i 4500 | ||
|---|---|---|---|
| 001 | 000012489 | ||
| 003 | DO-SdBPM | ||
| 005 | 20250618131939.0 | ||
| 007 | ta | ||
| 008 | 091113s1995 dr r 001 f spa d | ||
| 040 |
_aDO-SdBNP _bspa _cBNPHU _erda |
||
| 082 |
_aRD863.44 _bG277t _222 |
||
| 100 | 1 |
_aGautier, Manuel Salvador, _d1930-2021 _eautor |
|
| 245 | 1 | 0 |
_aToda la vida : _bnovela / _cManuel Salvador Gautier. |
| 264 |
_aSanto Domingo : _bCorripio, _c1995. |
||
| 300 |
_a435 páginas ; _c23 cm. |
||
| 336 |
_ardacontent _btexto _2txt |
||
| 337 |
_ardamedia _bsin mediación _2n |
||
| 338 |
_ardacarrier _bvolumen _2nc |
||
| 590 | _aInventariado, 2025/VM | ||
| 650 | 7 | _aNovela dominicana | |
| 650 | 7 | _aLiteratura dominicana. | |
| 910 | _aVMateo V. Control de calidad. BPMSU | ||
| 942 |
_2ddc _cBK |
||
| 999 |
_c15186 _d15186 |
||